000 00311nam a2200121Ia 4500
008 220216s9999 xx 000 0 und d
100 _aVance Petra
245 0 _aNano technology: A far-reaching revolution on cards
260 _bRubber Asia
_c2005
300 _a51-52
650 _aNano technology
942 _cJS
999 _c63393
_d63393